00473 2200181 4500001002100000005001500021035002000036008004100056245007400097100002000171250000600191260003400197300001200231084001400243082000800257650001400265990001200279INLIS00000000000016620240502114329 a0010-0424000142240502 0 ind 1 aWomenomic : Membuat Aturan Main Sukses Anda Sendiri /cClaire Shipman aShipman, Claire a1 aJakarta :bTiga Kelana,c2010 a248 hlm a300 CLA w a300 4aNon Fiksi a0732489